| 000 | 00987cam a2200289 a 4500 | ||
|---|---|---|---|
| 001 | 15890263 | ||
| 005 | 20150715140454.0 | ||
| 008 | 090902s2009 rm a b 001 0 eng d | ||
| 010 | _a 2009495457 | ||
| 020 | _a9789736258732 | ||
| 020 | _a9736258734 | ||
| 035 | _a(OCoLC)ocn463673289 | ||
| 040 |
_aORE _cORE _dDLC |
||
| 042 | _alccopycat | ||
| 050 | 0 | 0 | _aQ175.D111 |
| 100 | 1 |
_aDaba, Dumitru. _918107 |
|
| 245 | 1 | 4 |
_aThe philosophy of nature and the drama of modern physics / _cDumitru Daba. |
| 260 |
_aTimișoara : _bEditura Politehnica, _c2009. |
||
| 300 |
_a123 p. : _bill. ; _c21 cm. |
||
| 490 | 1 | _aSynthesis series | |
| 504 | _aIncludes bibliographical references and index. | ||
| 650 | 0 |
_aScience _xPhilosophy. _918108 |
|
| 830 | 0 |
_aColecția Sinteze (Editura Politehnica) _918109 |
|
| 906 |
_a7 _bcbc _ccopycat _d3 _encip _f20 _gy-gencatlg |
||
| 942 |
_2lcc _cMONOGRAPH |
||
| 999 |
_c122917 _d122917 |
||